01083 2200349 4500001002100000005001500021035002000036007000300056008004100059020002200100040002200122082001400144084001600158090002000174090002200194100003200216245011400248250002600362300004600388500003700434650002300471700003600494700003000530850001200560041001300572264003000585336002100615337003000636338002300666999002200689990002200711INLIS00000000085294120191112023754 a0010-1119000349ta191112s2019 yoia b 1 ind d a978-979-21-6254-7 aYOPDYOGbinderda04223a028.5 a028.5 BOU f aDEP 028.5 BOU f aCB-D.11 2019-17411 aBourgeois, Pauetteepenulis10aFranklin dan adiknya /cpenulis, Paulette Bourgeois; penerjemah, C. Erni Setiyowati; ilustrator, Brenda Clark aCetakan pertama, 2019 a32 halaman :bilustrasi berwarna ;c22 cm aJudul asli: Franklin and Harriet 4aBacaan kanak-kanak1 aErni Setiyowati, C.epenerjemah1 aClark, Brendaeilustrator aYOPDYOG1 aindheng31aSleman :bKanisius,c2019 2rdacontentateks 2rdamediaatanpa perantara 2rdacarrieravolume aCB-D.11/2019-1741 aCB-D.11/2019-1741